| 000 | 00663nam a22001937a 4500 | ||
|---|---|---|---|
| 999 |
_c172316 _d172316 |
||
| 005 | 20200131145832.0 | ||
| 010 | _aA-842734 | ||
| 020 | _c250.00 | ||
| 035 | _aA-842734 | ||
| 037 | _bBPPD/Pub. | ||
| 082 | _a899.15 | ||
| 100 | _aمحمد صیدیق نیازمند | ||
| 245 |
_aہفت گنج سولطانی / _cمحمد صیدیق نیازمند |
||
| 246 |
_aHafat Ganj Sultani (Urdu) / _bby Mohammed Siddiq Niyazmand |
||
| 260 |
_aSri Nagar, Kashmir _bOwais Vikas Publishing House _c1994 ء |
||
| 270 |
_a62, Housing Board Colony, Sector 3 _bSri Nagar, Kashmir |
||
| 300 |
_a268p. _c21cm(Hb) |
||
| 942 |
_2ddc _cUR _h899.15 _mم ح م |
||